Abnormal psychology : (Record no. 10682)
[ view plain ]
| 000 -LEADER | |
|---|---|
| fixed length control field | 01798cam a2200289 i 4500 |
| 003 - CONTROL NUMBER IDENTIFIER | |
| control field | URS |
| 005 - DATE AND TIME OF LATEST TRANSACTION | |
| control field | 20250729143848.0 |
| 008 - FIXED-LENGTH DATA ELEMENTS--GENERAL INFORMATION | |
| fixed length control field | 160808s2018 maua b 001 0 eng |
| 020 ## - INTERNATIONAL STANDARD BOOK NUMBER | |
| International Standard Book Number | 978-981-48-3908-2 |
| 040 ## - CATALOGING SOURCE | |
| Language of cataloging | English |
| Description conventions | rda |
| Transcribing agency | URS |
| 050 00 - LIBRARY OF CONGRESS CALL NUMBER | |
| Classification number | RC454 |
| Item number | .B345 2018 |
| 100 ## - MAIN ENTRY--PERSONAL NAME | |
| Personal name | Barlow, David H., |
| Relator term | author. |
| 9 (RLIN) | 6299 |
| 245 10 - TITLE STATEMENT | |
| Title | Abnormal psychology : |
| Remainder of title | an integrative approach / |
| Statement of responsibility, etc | David H. Barlow, V. Mark Durand, and Stefan G. Hofmann. |
| 250 ## - EDITION STATEMENT | |
| Edition statement | Eighth edition. |
| 264 #1 - PUBLICATION, DISTRIBUTION, ETC. (IMPRINT) | |
| Place of publication, distribution, etc | Boston, MA : |
| Name of publisher, distributor, etc | Cengage Learning, |
| Date of publication, distribution, etc | ©2018. |
| 300 ## - PHYSICAL DESCRIPTION | |
| Extent | 1 volume (various pagings) : |
| Other physical details | illustrations ; |
| Dimensions | 29 cm. |
| 336 ## - CONTENT TYPE | |
| Content type term | text |
| Content type code | txt |
| Source | rdacontent |
| 337 ## - MEDIA TYPE | |
| Media type term | unmediated |
| Media type code | n |
| Source | rdamedia |
| 338 ## - CARRIER TYPE | |
| Carrier type term | volume |
| Carrier type code | nc |
| Source | rdacarrier |
| 504 ## - BIBLIOGRAPHY, ETC. NOTE | |
| Bibliography, etc | Includes bibliographical references and indexes. |
| 505 0# - FORMATTED CONTENTS NOTE | |
| Formatted contents note | 1. Abnormal behavior in historical context -- 2. An integrative approach to psychopathology -- 3. Clinical assessment and diagnosis -- 4. Research methods -- 5. Anxiety, trauma- and stressor-related, and obsessive-compulsive and related disorders -- 6. Somatic symptom and related disorders and dissociative disorders -- 7. Mood disorders and suicide -- 8. Eating and sleep-wake disorders -- 9. Physical disorders and health psychology -- 10. Sexual dysfunctions, paraphilic disorders, and gender dysphoria -- 11. Substance-related, addictive, and impulsive-control disorders -- 12. Personality disorders -- 13. Schizophrenia spectrum and other psychotic disorders -- 14. Neurodevelopmental disorders -- 15. Neurocognitive disorders -- 16. Mental health services: legal and ethical issues. |
| 650 #0 - SUBJECT ADDED ENTRY--TOPICAL TERM | |
| Topical term or geographic name as entry element | Psychology, Pathological |
| Form subdivision | Textbooks. |
| 650 #0 - SUBJECT ADDED ENTRY--TOPICAL TERM | |
| Topical term or geographic name as entry element | Mental illness |
| Form subdivision | Textbooks. |
| 700 ## - ADDED ENTRY--PERSONAL NAME | |
| Personal name | Durand, Vincent Mark, |
| Relator term | author. |
| 9 (RLIN) | 6300 |
| 700 ## - ADDED ENTRY--PERSONAL NAME | |
| Personal name | Hofmann, Stefan G., |
| Relator term | author. |
| 9 (RLIN) | 6298 |
| 942 ## - ADDED ENTRY ELEMENTS (KOHA) | |
| Source of classification or shelving scheme | Library of Congress Classification |
| Koha item type | Foreign Books |
| Withdrawn status | Lost status | Source of classification or shelving scheme | Damaged status | Not for loan | Collection code | Home library | Current library | Shelving location | Date acquired | Source of acquisition | Total Checkouts | Full call number | Barcode | Date last seen | Date checked out | Copy number | Koha item type |
|---|---|---|---|---|---|---|---|---|---|---|---|---|---|---|---|---|---|
| Library of Congress Classification | Non-fiction | Taytay College Library | Taytay College Library | Foreign Section | 02/19/2020 | Donation | 1 | RC454 .B345 2018 | URSTAY-4637 | 07/31/2025 | 02/19/2020 | 1 | Foreign Books |